000 00362nam a2200133Ia 4500
008 240624s9999 xx 000 0 und d
041 _aeng
082 _a658.5 TAY
100 _aRUSSELL ROBERTA S
245 _aOPERATIONS MANAGEMENT ALONG THE SUPPLY C
250 _a(6th ed.)
260 _c2009
_aNew Delhi
_bWiley India
300 _axxviii, : 776 : p. : cm. ; 22
999 _c20332
_d20332